<?xml version="1.0" encoding="UTF-8"?>
<record
    xmlns:xsi="http://www.w3.org/2001/XMLSchema-instance"
    xsi:schemaLocation="http://www.loc.gov/MARC21/slim http://www.loc.gov/standards/marcxml/schema/MARC21slim.xsd"
    xmlns="http://www.loc.gov/MARC21/slim">

  <leader>03819cam a2200193   4500500</leader>
  <controlfield tag="005">20260517000303.0</controlfield>
  <datafield tag="041" ind1=" " ind2=" ">
    <subfield code="a">fre</subfield>
  </datafield>
  <datafield tag="042" ind1=" " ind2=" ">
    <subfield code="a">dc</subfield>
  </datafield>
  <datafield tag="100" ind1="1" ind2="0">
    <subfield code="a">Chambaz, Florent</subfield>
    <subfield code="e">author</subfield>
  </datafield>
  <datafield tag="700" ind1="1" ind2="0">
    <subfield code="a">Rymer, Roland</subfield>
    <subfield code="e">author</subfield>
  </datafield>
  <datafield tag="700" ind1="1" ind2="0">
    <subfield code="a">Br&#xE9;chat, Pierre-Henri</subfield>
    <subfield code="e">author</subfield>
  </datafield>
  <datafield tag="245" ind1="0" ind2="0">
    <subfield code="a">Pour des agences r&#xE9;gionales ayant la possibilit&#xE9; de p&#xE9;renniser les offres de sant&#xE9;</subfield>
  </datafield>
  <datafield tag="260" ind1=" " ind2=" ">
    <subfield code="c">2008.
							</subfield>
  </datafield>
  <datafield tag="500" ind1=" " ind2=" ">
    <subfield code="a">70</subfield>
  </datafield>
  <datafield tag="520" ind1=" " ind2=" ">
    <subfield code="a">R&#xE9;sum&#xE9;D&#xE9;pister pr&#xE9;cocement les troubles visuels et auditifs chez le nourrisson permet une meilleure prise en charge th&#xE9;rapeutique. Ce r&#xF4;le est en grande partie d&#xE9;volu aux m&#xE9;decins g&#xE9;n&#xE9;ralistes et obligatoires lors des examens de sant&#xE9; du 9e et du 24e mois. Nous avons r&#xE9;alis&#xE9; une enqu&#xEA;te prospective aupr&#xE8;s de l&#x2019;ensemble des m&#xE9;decins g&#xE9;n&#xE9;ralistes d&#x2019;un d&#xE9;partement fran&#xE7;ais, afin de conna&#xEE;tre leurs habitudes pratiques cliniques en mati&#xE8;re de d&#xE9;pistage des troubles sensoriels. Le taux de r&#xE9;ponses de 49&#xA0;% a permis d&#x2019;exploiter 321&#xA0;questionnaires. Nous constatons que l&#x2019;examen clinique n&#x2019;est pas syst&#xE9;matique et qu&#x2019;il est principalement effectu&#xE9; lors des examens des 4e, 9e et 24e mois ou en cas de doute parental. Si les signes d&#x2019;alerte sont, dans leur ensemble, bien connus des m&#xE9;decins g&#xE9;n&#xE9;ralistes, les facteurs de risque sont recherch&#xE9;s de fa&#xE7;on incompl&#xE8;te. L&#x2019;examen clinique reste sommaire avec la r&#xE9;alisation des principaux r&#xE9;flexes pour l&#x2019;appareil visuel, mais une recherche superficielle du strabisme ou de l&#x2019;amblyopie. Le d&#xE9;pistage auditif est r&#xE9;alis&#xE9; principalement avec la voix ou le claquement des mains, bien que deux tiers d&#x2019;entre eux poss&#xE8;dent des jouets calibr&#xE9;s. L&#x2019;&#xE2;ge minimum de prise en charge est mal connu des praticiens et cela peut &#xEA;tre pr&#xE9;judiciable &#xE0; la bonne prise en charge des d&#xE9;ficits sensoriels. Le nouveau carnet de sant&#xE9; devrait permettre un d&#xE9;pistage plus pertinent des troubles sensoriels chez le nourrisson&#xA0;: une plus large diffusion des informations et des conduites &#xE0; tenir est n&#xE9;cessaire.</subfield>
  </datafield>
  <datafield tag="520" ind1=" " ind2=" ">
    <subfield code="a">Early detection of sight problems and hearing difficulties in babies facilitates better management of treatment by doctors who take care of them. This role is mainly played by general practitioners who conduct obligatory post-natal examinations at 9 and 24 months. A survey was carried out via questionnaire sent to all of the general practitioners from a French department in order to discover more about their daily clinical practice regarding the detection of sensory defects. Twenty nine per cent (n = 321) of them answered the survey. We observe that the clinical examination is not systematic, and that it is mainly carried out when babies are 4, 9 and 24 months old or upon the parents&#x2019; request. Although clinical symptoms are for the most part well-known by general practitioners, signs of risk factors which might be present are not thoroughly examined. The clinical examination remains general with a broad overview by checking of the main visual reflexes, but with only a superficial examination of the strabismus and amblyopia. The hearing examination is mainly carried out with the use of voice or hand clapping, although two thirds of them have tools for gauging at their disposal. The minimum age required for treating eye trouble and hearing difficulties is not well known by practitioners and the ignorance of that fact can delay the implementation of a good care plan. The new health and medical record system should enable practitioners to more accurately detect sensory disorders in babies. Better dissemination of information and treatment option recommendations is needed.</subfield>
  </datafield>
  <datafield tag="786" ind1="0" ind2=" ">
    <subfield code="n">Sant&#xE9; Publique | 20 | 3 | 2008-08-27 | p. 269-274 | 0995-3914</subfield>
  </datafield>
  <datafield tag="856" ind1="4" ind2="1">
    <subfield code="u">https://stm.cairn.info/revue-sante-publique-2008-3-page-269?lang=fr&amp;redirect-ssocas=7080</subfield>
  </datafield>
  <datafield tag="999" ind1=" " ind2=" ">
    <subfield code="c">2230947</subfield>
    <subfield code="d">2230947</subfield>
  </datafield>
</record>
